Doctrina de la seguridad nacional en el constitucionalismo brasileǫ similitudes con Espaą y Portugal /

Detalles Bibliográficos
Autor principal: Henrique Jn︢ior, Moacir
Formato: eBook
Lenguaje:español
Publicado: Madrid: Editorial Acadm̌ica Espaǫla, 2019
Materias:
Acceso en línea:Acceso restringido

MARC

LEADER 00000nam a22000007a 4500
005 20191009225556.0
007 cr|||| ||||
008 191009s2019 es |||||s|||| 00||0 spa d
020 |a 9786139469420 
035 |a 29765 
040 |a vLex 
090 |c 9770  |d 9770 
100 1 |a Henrique Jn︢ior, Moacir 
245 1 0 |a Doctrina de la seguridad nacional en el constitucionalismo brasileǫ  |h [Recurso electrn̤ico] :  |b similitudes con Espaą y Portugal /  |c Moacir Henrique Jn︢ior 
256 |a Servicio en ln̕ea 
260 |a Madrid:  |b Editorial Acadm̌ica Espaǫla,  |c 2019 
300 |a 1 recurso electrn̤ico 
500 |a En la presente investigacin̤ se analiza la Doctrina de Seguridad Nacional por medio del estudio de cm̤o fue inserida en el constitucionalismo brasileǫ y comparar cm̤o fueron sus manifestaciones en los pas̕es de Espaą y Portugal. Por esta va̕ se busca analizar cul̀es fueron los fundamentos filosf̤icos-jurd̕icos que contribuyeron a la expansin̤ del concepto de seguridad nacional en estas experiencias. Tambiň se explora la historia y particularidades de la Dictadura Militar de Brasil, la dictadura de Francisco Franco en Espaą y la Dictadura de Salazar en Portugal para mostrar ese contexto del momento coyuntural de cada nacin̤. La investigacin̤ tiene un abordaje deductivo de la contextualizacin̤ general de la Doctrina de Seguridad Nacional, su relacin̤ con los derechos fundamentales, para la interpretacin̤ y comprensin̤ de las experiencias legisladas en los pas̕es objeto de anl̀isis. Para ello se utilizan fuentes bibliogrf̀icas, histr̤icas y normativas. La amplia relevancia de la Doctrina de Seguridad Nacional y su permanencia en el tiempo, as ̕como su impacto en el tratamiento dado a los derechos y libertades, hace que este tema de estudio ocupe hoy una posicin̤ estratǧica. 
506 1 |a Disponible solo en los productos indicados  |d vLex Global  |d vLex Global (Academic Edition, excluding Law Schools)  |d vLex Global (U.S. Academic Edition, Law Schools)  |d vLex Global (U.S. Academic Edition, excluding Law Schools)  |d vLex Global (Academic Edition, Law Schools) 
650 0 4 |a Derecho Pb︢lico y Administrativo  |z Espaą 
740 0 |a vLex Libros (Servicio en ln̕ea) 
856 4 0 |u http://vlex.com/source/29765  |z Acceso restringido 
942 |c BOOK 
999 0 |a Public and Administrative Law